000 01258nam a22002537a 4500
001 3596
003 FISKH
005 20250528145234.0
008 240322b cb ||||| |||| 00| 0 eng d
040 _aFISKH
_bkhr
_cFISKH
_dFISKH
050 _aPZ7
082 _a599.67
100 _aPandya, Mamata
245 _aសៀវភៅរឿងព្រេងស្ដីពីដំរីអាស៊ី :
_bប្រភេទរឿងព្រេង រឿងពិត សំណើច និងរឿងដទៃទៀតដែលទាក់ទងទៅនឹងដំរីអាស៊ី /
_cMamata Pandya ; Meena Raghunathan
260 _aPhnom Penh :
_bCenter for Environment Education,
_c2001.
300 _a181 pages :
_billustrations ;
_c21 cm
520 _aជា​ប្រភេទរឿងព្រេង រឿងពិត សំណើច និងរឿងដទៃទៀតដែលទាក់ទងទៅនឹងដំរីអាស៊ី
520 _aA variety of legends, true stories, jokes and other stories related to Asian elephants
650 _aដំរី​នៅអាស៊ី Elephant in Asia
650 _aElephant in Asia
700 _aRaghunathan, Meena
_eAuthor
942 _2ddc
_cKHB
_n0
999 _c3596
_d3596